[Event "Kirov Chudinovskikh Memorial 5th"]
[Site "Kirov"]
[Date "2018.08.05"]
[Round "5"]
[White "Bogdan, Evgenij"]
[Black "Chigarev, Vyacheslav"]
[Result "0-1"]
[WhiteElo "1536"]
[BlackElo "1661"]
[PlyCount "106"]
[EventDate "2018.07.29"]
[EventType "swiss"]
[EventRounds "10"]
[EventCountry "RUS"]
[SourceTitle "CBM 186 Extra"]
[Source "ChessBase"]
[SourceDate "2018.08.24"]
[SourceVersion "1"]
[SourceVersionDate "2018.08.24"]
[SourceQuality "1"]

1. c4 Nf6 2. Nc3 g6 3. g3 d5 4. Bg2 e6 5. d4 Bg7 6. cxd5 exd5 7. Bg5 c6 8. Nf3 0-0 9. Ne5 Nbd7 10. f4 Qb6 11. Qd2 Ne8 12. Be7 Nc7 13. Bxf8 Bxf8 14. 0-0 f6 15. Ng4 Bb4 16. a3 Be7 17. e4 dxe4 18. f5 g5 19. Bxe4 c5 20. Nd5 Nxd5 21. Bxd5+ Kg7 22. dxc5 Bxc5+ 23. Kg2 h5 24. Nf2 Ne5 25. Rae1 Bxf5 26. Rxe5 fxe5 27. Qxg5+ Qg6 28. Qxg6+ Kxg6 29. Be4 Bxf2 30. Bxf5+ Kxf5 31. Kxf2 Rc8 32. Ke3+ Kg4 33. Rf2 Rc4 34. Kd3 Rc1 35. Re2 Kf5 36. Rf2+ Ke6 37. Kd2 Rc4 38. Kd3 Rg4 39. Rf8 h4 40. gxh4 Rxh4 41. Rf2 Kd5 42. Rg2 e4+ 43. Ke3 Rh3+ 44. Rg3 Rxh2 45. Rg5+ Kc4 46. Kxe4 Rxb2 47. Rg3 Rb3 48. Rg7 Rb6 49. Rg3 Re6+ 50. Kf5 Re1 51. Rf3 b5 52. Kf6 a5 53. Kf5 b4 0-1

[Event "Kirov Chudinovskikh Memorial 5th"]
[Site "Kirov"]
[Date "2018.08.03"]
[Round "3"]
[White "Bogdan, Evgenij"]
[Black "Suleimanov, Konstantin"]
[Result "1-0"]
[WhiteElo "1536"]
[BlackElo "1795"]
[PlyCount "129"]
[EventDate "2018.07.29"]
[EventType "swiss"]
[EventRounds "10"]
[EventCountry "RUS"]
[SourceTitle "CBM 186 Extra"]
[Source "ChessBase"]
[SourceDate "2018.08.24"]
[SourceVersion "1"]
[SourceVersionDate "2018.08.24"]
[SourceQuality "1"]

1. c4 e5 2. Nc3 Bb4 3. e3 Nf6 4. d4 Ne4 5. Bd2 Nxd2 6. Qxd2 exd4 7. exd4 0-0 8. a3 Re8+ 9. Nge2 Bf8 10. g3 Nc6 11. b4 Qf6 12. Rd1 Qf3 13. Rg1 Nxb4 14. Bg2 Qh5 15. axb4 Qxh2 16. Kf1 Qh5 17. Nd5 Rb8 18. Rh1 Qg4 19. Rh4 Qf5 20. Nxc7 Re7 21. Nd5 Re8 22. Nec3 b5 23. Be4 Rxe4 24. Nxe4 bxc4 25. Qf4 Qxf4 26. Rxf4 Bb7 27. Nec3 Bd6 28. Re4 Bxb4 29. Nxb4 Bxe4 30. Nxe4 Rxb4 31. Rc1 g6 32. Nf6+ Kg7 33. Nxd7 c3 34. Rxc3 Rxd4 35. Ne5 Rd5 36. Nc6 h5 37. Nxa7 g5 38. Nc6 f6 39. Nb4 Rd4 40. Nc2 Ra4 41. Kg2 h4 42. Ne3 hxg3 43. Kxg3 Kg6 44. Rc6 Ra3 45. Kg2 Kg7 46. Ng4 f5 47. Ne3 Ra5 48. Rd6 Re5 49. Kf3 Ra5 50. Rd5 Rxd5 51. Nxd5 Kg6 52. Ke3 Kh5 53. Ne7 f4+ 54. Kf3 Kh4 55. Ng6+ Kh5 56. Ne5 Kh4 57. Ng6+ Kh5 58. Nxf4+ gxf4 59. Kxf4 Kg6 60. Ke5 Kf7 61. Kf5 Kg7 62. Ke6 Kf8 63. f4 Ke8 64. f5 Kf8 65. Kf6 1-0